| 000 | 00987nam a2200289 a 4500 | ||
|---|---|---|---|
| 001 | 14238 | ||
| 003 | BD-JhCC | ||
| 005 | 20250222134158.0 | ||
| 008 | 190622s2017 us a ob a 001 0 eng d | ||
| 020 | _z9780321833891 | ||
| 035 | _a(BD-JhCC)14238 | ||
| 040 |
_dBD-JhCC _aBD-JhCC |
||
| 041 | _aeng | ||
| 082 | 0 | 4 |
_a006.7 _223 _bWEL 2017 |
| 100 | 1 | _a Welling, Luke | |
| 245 | 1 | 0 |
_aPHP and MySQL web Development / _cLuke Welling , Laura Thomson |
| 260 |
_aUSA : _bAddison-Wesley; _c2017. |
||
| 300 |
_a652 P. : _billustrations. _c24 cm. |
||
| 504 | _aIncludes index and bibliographical references. | ||
| 520 | _aWritten in an easy-to-follow style, this book uses examples to teach the user how to write PHP server-side scripts and how to make MySQL database queries. -- | ||
| 650 | 0 | _aPHP (Computer program language) | |
| 650 | 0 | _aMySQL (Electronic resource) | |
| 650 | 0 | _aWeb site development. | |
| 655 | 0 | _aElectronic books. | |
| 700 | _a Thomson, Laura | ||
| 942 |
_2ddc _cBK |
||
| 999 |
_c14238 _d14238 |
||